000
00275nam a2200097Ia 4500
008
230915s9999 xx 000 0 und d
050
_a
SD 531 .U3 D35
100
_a
DALE, IVAN R.
245
2
_a
A DESCRPTIVE LIST OF THE INTRODUCED TREES OF THE UGANDA PROTECTORATE
942
_c
BK
999
_c
201987
_d
201987